Statystyki dla Nowy Jork Według Obrazów

Kliknij tutaj aby rozwiązać quiz!

Ogólne statystyki

  • Ten quiz został rozwiązany 6 razy
  • Średni wynik to 4 z 15

Statystyki odpowiedzi

Odpowiedź% Poprawnych
Central Park
83%
Statua Wolnośći
83%
Empire State Building
50%
One World Trade Center
50%
Chrysler Building
17%
Flatiron Building
17%
{Flushing} Meadows
17%
Most Brookliński
17%
{Rockefeller} Center
17%
Times Square
17%
{Coney} Island
0%
Grand Central Terminal
0%
Most Waszyngtona
0%
Muzeum Guggenheima
0%
Nowojorska Biblioteka Publiczna
0%

Rozkład punktacji

Percentyl według liczby udzielonych odpowiedzi

Procent ludzi z każdym wynikiem

Twoja historia wyników

Nie rozwiązałeś tego quizu